| 000 | 00856nam a2200193 a 4500 | ||
|---|---|---|---|
| 008 | 061116s1981 ||||||||||||||||| || u | ||
| 050 | _aGOV.ZAM(08)BS/1 | ||
| 100 | _aNcube, P. D | ||
| 245 | 1 | 4 |
_aThe 1975 input-output tables - draft report _cEdited by P. D. Ncube; I. Mwanawina |
| 260 |
_aLusaka: _bNational commission for development planning _c1981 |
||
| 260 |
_aLusaka: _bUniversity of Zambia _c1981 |
||
| 300 | _a24p.; ill. | ||
| 350 | _a0.00 | ||
| 490 | _aBaseline study working papers | ||
| 650 | _aINPUT-OUTPUT TABLES--ZAMBIA | ||
| 700 | _aMwanawina, I | ||
| 710 | _aGovernment of the Republic of Zambia. National Commission for Development Planning. University of Zambia | ||
| 995 |
_D0.00 _FCBU-MAIN LIBRARY (Kitwe) _H1 _I0.00 _M1 _UAVAILABLE _WNov 16, 2006 _ZZambiana Collection |
||
| 999 |
_c33060 _d33060 |
||